LEADER 01802nam a2200337 i 4500 001 000000250787 003 CaOOAMICUS 005 20241128142814.0 008 160822s1604 be u000 u lat u 013 $a229692 026 $aoci- u,s. seum ptpe (3) 1604 (R) 040 $aSeMil$bita 100 1 $aManuzio, Paolo,$d<1512-1574>.$0(OLS)http://semarc/name/46167 245 10$aApophthegmatum ex optimis utriusque linguae scriptoribus libri 8. Paulli Manutij studio, atque industria, ... atque ope ab omnibus mendis vindicati, quae pium, & veritatis catholicae studiosum lectorem poterant offendere. 260 $aVenetiis :$bEx Officina Damiani Zenari,$c1604. 300 $a706, [38] p. ;$c16º. 500 $aRistampa dell'ed. curata da Aldo Manuzio il giovane, cfr. la dedica a c. A2, datata 1576 500 $aMarca editoriale: Salamandra con corona sulla testa. Motto: Virtuti sic cedit invidia 500 $aCors. ; gr. ; rom. 500 $aSegn.: A-2Z? 3A? 500 $aIniz., fregi xilogr. 500 $aLascito Card. C.M. Martini 700 1 $aZenaro, Damiano,$c.$0(OLS)http://semarc/name/83451 700 1 $aManuzio, Aldo,$c.$0(OLS)http://semarc/name/70983 850 $aSeMil 852 $aSeMil$W1$xVenegono$y1$m2ZA VII 22 FA$j201133$B201133$CSeMilBibl$Z2$F212889 $8I 941 1 $a4 961 $aLascito: Martini Card. Carlo Maria 996 $6245$aApophthegmatum ex optimis utriusque linguae scriptoribus libri 8. Paulli Manutij studio, atque industria, ... atque ope ab omnibus mendis vindicati, quae pium, & veritatis catholicae studiosum lectorem poterant offendere$9(OLS)http://semarc/title/352956 996 $6260$aVenetiis :$bEx Officina Damiani Zenari$9(OLS)http://semarc/publisher/55414 LEADER 01683nam a2200373 i 4500 001 000000073662 003 CaOOAMICUS 005 20251107142012.0 008 131022s1821 it u000 u ita u 013 $a44834 026 $an-s- urre o-ni nine (3) 1821 (A) 040 $aSeMil$bita 100 1 $aMore, Thomas,$c.$0(OLS)http://semarc/name/1481 240 13$aLa repubblica ritrovata nel governo dell'isola Utopia. Opera di Tommaso Moro cittadino di Londra.$0(OLS)http://semarc/title/118946 245 10$aUtopia di Tommaso Moro cancelliere d'Inghilterra. 260 $aMilano :$bPer Vincenzo Ferrario,$c1821. 300 $a[4], CIV, 150, [2] p. ;$c16º. 500 $aDedica all'editore di Pietro Giordani 500 $aContiene: Notizia intorno a Tommaso Moro estratta dalle memorie della sua vita scritte da Arturo Cayley 650 4$aMoro, Tommaso . Utopia.$0(OLS)http://semarc/subject/7739 700 1 $aCayley, Arthur,$d<1821-1895>.$0(OLS)http://semarc/name/36407 700 1 $aGiordani, Pietro,$d<1774-1848>.$0(OLS)http://semarc/name/2933 700 1 $aFerrario, Vincenzo,$c.$0(OLS)http://semarc/name/7036 850 $aSeMil 852 $aSeMil$W1$xVenegono$y1$m2R I 115 FA$j39814$B39814$CSeMilBibl$Z2$F39818 $8I 900 0 $aTommaso : Moro. 900 0 $aThomas : More. 941 1 $a10 961 $aRecupero: Mantegazza 996 $6245$aUtopia di Tommaso Moro cancelliere d'Inghilterra$9(OLS)http://semarc/title/118945 996 $6260$aMilano :$bPer Vincenzo Ferrario$9(OLS)http://semarc/publisher/36508